NFL Top 20 Passing Leaders (Yards) - Statistics

General Stats
  • This quiz has been taken 86 times
  • The average score is 14 of 20
Answer Stats
Hint Answer % Correct
89,214 Tom Brady
100%
80,358 Drew Brees
97%
57,023 Eli Manning
95%
71,940 Peyton Manning
95%
60,148 Aaron Rodgers
92%
71,838 Brett Favre
92%
61,361 Dan Marino
86%
63,440 Philip Rivers
84%
62,792 Matt Ryan
82%
64,088 Ben Roethlisberger
81%
51,475 John Elway
74%
57,285 Matthew Stafford
72%
44,463 Joe Flacco
61%
43,653 Russell Wilson
61%
49,325 Warren Moon
58%
47,003 Fran Tarkenton
51%
46,247 Carson Palmer
43%
43,040 Dan Fouts
31%
44,611 Dew Bledsoe
30%
46,233 Vinny Testaverde
27%
No matching quizzes found
Score Distribution
Percent of People with Each Score
Percentile by Number Answered
Your Score History
You have not taken this quiz